000 00447nam a2200193Ia 4500
005 20240823024849.0
008 240823s9999||||xx |||||||||||||| ||und||
020 _a91906350
041 _aENGLISH
082 _A155.9 P7
100 _aDale Carnegie
245 0 _aHow to Win Friends and Influence People
250 _a1st
260 _c2007
_bSulabh
_aAgra
500 _aYES
650 _aSpeaking
_bGeneral
942 _cBK
999 _c184930
_d184930